000 05158nab a2200349 4500
003 BR-BrBNA
005 20250830123544.0
008 250830b2023 bl.tr|pooa||| 00| 0 por |
040 _aBR-BrBNA
_bpor
072 _aQ02 ; J11
_b1710
100 _aBelfort, Cristovam Colombo
100 _aMartins, Daniel Aleff Dantas
100 _aPaula, Gabriela Almeida de
100 _aRocha Júnior, Agenor Francisco
100 _aCosta Filho, Raimundo Tomaz da
245 _aConservação pós-colheita da cebolinha em baixa temperatura como sinônimo de otimização produtiva
500 _aSummaries (En, Pt); 35 ref.; 1 table
520 _aPost-harvest conservation of chives at low temperature as a synonym for productive optimization. Chives (Allium schoenoprasum) is a spicy, aromatic, leafy plant, appreciated throughout Brazil, with an important social role, preponderant in family farming projects. Although it is a species with high leaf waxiness, a property that gives it a certain tolerance to dehydration, when placed in a domestic conservator, it discolors in a few days, compromising the quality of the product, resulting in considerable losses, especially for the consumer. In view of this, the present work sought to evaluate the post-harvest conservation of chive leaves submitted to low temperature conditioning. All processing took place in the laboratory of the Center for Studies, Research and Food Processing (NUEPPA) of the Center for Agricultural Sciences (CCA) of the Universidade Federal do Piauí, in Teresina, between August and November 2020. The treatments consisted of sample analysis withdrawn fortnightly up to the limit of 75 days, leaving the control treatment corresponding to the samples, recently collected, which were also submitted to determinations of a physical-chemical nature. Complementary verifications of a sensorial nature werecarried out, involving color, aroma and texture, being then considered quality attributes. The refrigeration favored the extension of the useful life of the chives, without variation in the physical-chemical characteristics tested, demonstrating that it is possible to keep it in a refrigerator at low temperature (-20oC) packed in plastic bags for at least 75 days, without compromising the product quality; optimizing the use of family labor, creating prospects for the launch of a new product in the list of frozen products. Keyworks: Allium schoenoprasum L, condiment vegetable, climate management, quality
520 _aA Cebolinha (Allium schoenoprasum) é uma planta condimentar, aromática, folhosa, apreciada em todo o Brasil, com importante papel social, preponderante nos projetos de agricultura familiar. Muito embora sendo uma espécie com elevada cerosidade foliar, propriedade que lhe confere uma certa tolerância à desidratação, colocadas no conservador doméstico, em poucos dias sofre descoloração, comprometendo a qualidade do produto, redundando em consideráveis perdas, sobretudo, para o con-sumidor. Diante disso, o presente trabalho buscou avaliar a conservação pós-colheita de folhas da cebolinha, submetidas ao acondicionamento em baixa temperatura. Todo o processamento ocorreu no laboratório do Núcleo de Estudos, Pesquisas e Processamento de Alimentos (NUEPPA) do Centro de Ciências Agrárias (CCA) da Universidade Federal do Piauí, em Teresina, entre agosto e novembro de 2020. Os tratamentos consistiram das análises de amostras retiradas quinzenalmente até o limite de 75 dias, ficando o tratamento testemunha correspondendo às amostras, recém-colhidas, as quais também foram submetidas às determinações de natureza físico-química. Verificações complementares de natureza sensorial foram realizadas, envolvendo cor, aroma e textura, sendo então considerados atributos de qualidade. A refrigeração favoreceu o prolongamento da vida útil da cebolinha, sem variação nas características físico-químicas testadas, demonstrando que é possível conservá-la em refrigerador à baixa temperatura (-20oC) acondicionada em sacos plásticos por, pelo menos 75 dias, sem comprometimento da qualidade do produto; otimizando o aproveitamento da mão de obra fami-liar, criando as perspectivas de lançamento de um novo produto no rol dos congelados. Palavras-chaves: Allium schoenoprasum L, hortaliça condimentar, controle ambiental, qualidade
650 _aCEBOLINHA
650 _aHORTALIÇA
650 _aPLANTA AROMÁTICA
650 _aPÓS-COLHEITA
650 _aARMAZENAMENTO
650 _aPROCESSAMENTO
650 _aREFRIGERAÇÃO
650 _aCONSERVAÇÃO DO ALIMENTO
773 0 _04944
_9346136
_dUniversidade Federal de Tocantins. Centro de Monitoramento Ambiental e Manejo do Fogo 2010
_o2024-6784
_tJournal of Biotechnology and Biodiversity (Brazil)
_x2179-4804
_gv. 11(2) p. 75-81; (2023)
_wBR2025002143
856 _uhttps://sistemas.uft.edu.br/periodicos/index.php/JBB/article/view/15965/21384
942 _cANA
999 _c337903
_d337903